Australian Animals, Birds & Reptiles - Statistics

General Stats
  • This quiz has been taken 759 times
  • The average score is 6 of 15
Answer Stats
Hint Answer % Correct
Hop Kangaroo
95%
Gum Leaves Koala
88%
Snap Crocodile
74%
Digs Wombat
63%
Laughs Kookaburra
60%
Builds Nest Platypus
36%
Spikey Echidna
35%
Curly Tail Possum
33%
Pink and Grey Galah
32%
Cute Wallaby
30%
Dangerous Cassowary
18%
Endangered Bilby
12%
Blue Tongue BlueTongued Lizard
8%
Fish Murray Cod
3%
Killer Black Snake
1%
No matching quizzes found
Score Distribution
Percent of People with Each Score
Percentile by Number Answered
Your Score History
You have not taken this quiz